00514nam a2200157Ia 4500001000700000003000500007008004100012010001100053040000900064082002300073111009600096245006800192260003800260300001100298650004700309Z_5360CHAP220113s1997 xx 000 0 und d a168428 cCHAP a636.080913 C6 1997 aConferencia Internacional sobre Ganadería en los Trópicos (1997 : Gainesville, Florida) aMemorias /cInstituto de Ciencias Alimenticias y Agropecuarias aGainesville, Fla. :bICAA,c1997 a199 P. aTrópicosxGanadoGanadería xTrópicos